Política económica: elaboración, objetivos e instrumentos (Registro nro. 11231)

Detalles MARC
000 -Cabecera
Campo de control de longitud fija 01205nam a22004217a 4500
005 - Fecha y hora de la última transacción
Campo de control 20250819104909.0
008 - Elementos de longitud fija--Información general
Campo de control de longitud fija 181004b2015 xxu||||| |||| 00| 0 spa d
020 ## - International Standard Book Number
Número Internacional Estándar del Libro (ISBN) 9788448607586
041 ## - Idioma
Código de idioma Español
082 ## - Clasificación Decimal Dewey
Número de clasificación 338.9 C961p5
100 ## - Entrada principal--Autor personal
Nombre personal Cuadrado Roura, Juan
9 (RLIN) 50128
100 ## - Entrada principal--Autor personal
Nombre personal Mancha, Tomás
9 (RLIN) 50129
100 ## - Entrada principal--Autor personal
Nombre personal Villena, José
9 (RLIN) 50130
100 ## - Entrada principal--Autor personal
Nombre personal Caseres, Javier
9 (RLIN) 50131
100 ## - Entrada principal--Autor personal
Nombre personal González, Miguel
9 (RLIN) 50132
100 ## - Entrada principal--Autor personal
Nombre personal Marín, José María
9 (RLIN) 50133
100 ## - Entrada principal--Autor personal
Nombre personal Peinado, María Luisa
9 (RLIN) 50134
245 ## - Título propiamente dicho
Título Política económica: elaboración, objetivos e instrumentos
250 ## - Edición
Mención de edición 5 edición
260 ## - Pie de imprenta
Lugar de publicación, distribución, etc. España
260 ## - Pie de imprenta
Nombre del editor, distribuidor, etc. McGraw-Hill
260 ## - Pie de imprenta
Fecha de publicación, distribución, etc. 2015
300 ## - Descripción física
Extensión 410 páginas
490 ## - Serie
Título de la Serie Dirección y Administración de Empresas
650 ## - Materia general
Temática (materia general) POLÍTICA ECONÓMICA
650 ## - Materia general
Temática (materia general) ECONOMÍA
650 ## - Materia general
Temática (materia general) CRECIMIENTO ECONÓMICO
650 ## - Materia general
Temática (materia general) PRECIOS
650 ## - Materia general
Temática (materia general) EMPLEO
650 ## - Materia general
Temática (materia general) POLÍTICA MONETARIA
650 ## - Materia general
Temática (materia general) MICROECONOMÍA
650 ## - Materia general
Temática (materia general) POLÍTICA FISCAL
650 ## - Materia general
Temática (materia general) ECONOMÍA ABIERTA
650 ## - Materia general
Temática (materia general) ESTABILIDAD DE PRECIOS
650 ## - Materia general
Temática (materia general) REDISTRIBUCIÓN DE LA RENTA
650 ## - Materia general
Temática (materia general) CONSERVACIÓN AMBIENTAL
942 ## - Punto de acceso adicional KOHA
Tipo de ítem KOHA Libro
Fuente del sistema de clasificación o colocación Dewey Decimal Classification
Existencias
Signatura completa Código de barras Programa Académico Tipo de ítem
338.9 C961p5 23623 Dirección y Administración de Empresas Libro